The Dinkum Dictionary
Gardado en:
| Autor Principal: | |
|---|---|
| Formato: | Không biết |
| Idioma: | English |
| Publicado: |
1988
|
| Những chủ đề: | |
| Các nhãn: |
Engadir etiqueta
Sen Etiquetas, Sexa o primeiro en etiquetar este rexistro!
|
| Thư viện lưu trữ: | Mạng thư viện Đại học Đà Nẵng |
|---|
| LEADER | 00929ca a2200289 4500 | ||
|---|---|---|---|
| 001 | 000032451 | ||
| 003 | 8540 | ||
| 005 | 20151022000000.0 | ||
| 008 | 151002s1988 000 eng | ||
| 041 | |a eng | ||
| 082 | |a 423 |b JO-L | ||
| 100 | |a Lenie Johnsen | ||
| 245 | |a The Dinkum Dictionary |c Lenie Johnsen | ||
| 260 | |c 1988 | ||
| 650 | |a The Dinkum Dictionary, Lenie Johnsen, Dictionary | ||
| 852 | |b Đọc |c TỪ ĐIỂN | ||
| OWN | |a LNN | ||
| AVA | |a UDN50 |b LNN |c English |d 423 JO-L |e available |t Error 5001 Not defined in file expand_doc_bib_avail. |f 1 |g 0 |h N |i 0 |j AN |k 1 | ||
| 999 | |a From the UDN01 | ||
| AVA | |a UDN50 |b LNN |c English |d 423 JO-L |e available |t Error 5001 Not defined in file expand_doc_bib_avail. |f 1 |g 0 |h N |i 0 |j AN |k 1 | ||
| 980 | |a Mạng thư viện Đại học Đà Nẵng | ||